Flags with circles - Statistics

General Stats
  • This quiz has been taken 33 times
    28 since last reset
  • The average score is 25 of 27
Answer Stats
Picture Answer % Correct
Argentina
100%
Bangladesh
100%
Brazil
100%
India
100%
Japan
100%
Kazakhstan
100%
North Korea
100%
North Macedonia
100%
Portugal
100%
South Korea
100%
Taiwan
100%
Uganda
100%
Uruguay
100%
Dominica
94%
Ethiopia
94%
Niger
94%
Paraguay
94%
Tunisia
94%
Belize
88%
Kyrgyzstan
88%
Burundi
82%
Eritrea
82%
Grenada
82%
Laos
82%
Namibia
82%
Palau
82%
Cape Verde
76%
No matching quizzes found
Score Distribution
Percent of People with Each Score
Percentile by Number Answered
Your Score History
You have not taken this quiz since the last reset